Loading...
Beliefs | 0 | 2 | 0 | 1 | 20 | 127 | 131.00 | 0 | 2 |
History - World History | 1 | 0 | 0 | 0 | 15 | 65 | 65.00 | 0 | 1 |
Science - Biology | 1 | 0 | 0 | 0 | 15 | 55 | 55.00 | 0 | 1 |
Visual Arts | 0 | 1 | 0 | 0 | 10 | 121 | 121.00 | 0 | 1 |
Science - Physics | 0 | 1 | 0 | 0 | 10 | 108 | 108.00 | 0 | 1 |
Social Science | 0 | 1 | 0 | 0 | 10 | 110 | 110.00 | 0 | 1 |
History - Other History | 0 | 1 | 0 | 0 | 10 | 102 | 102.00 | 0 | 1 |
Geography | 0 | 1 | 0 | 0 | 10 | 94 | 94.00 | 0 | 1 |
Other Academic | 0 | 1 | 0 | 0 | 10 | 97 | 97.00 | 0 | 0 |
Fine Arts - Other Arts | 0 | 0 | 0 | 0 | 0 | 0.00 | 0 | 0 | |
History - European History | 0 | 0 | 0 | 0 | 0 | 0.00 | 0 | 0 | |
Literature - World Literature | 0 | 0 | 1 | 0 | -5 | 0.00 | 0 | 0 | |
History - Ancient History | 0 | 0 | 1 | 0 | -5 | 0.00 | 0 | 0 | |
Literature - European Literature | 0 | 0 | 1 | 0 | -5 | 0.00 | 0 | 0 | |
History - American History | 0 | 0 | 3 | 0 | -15 | 0.00 | 0 | 0 |